| 000 | 01487nad a2200409 a 4500 | ||
|---|---|---|---|
| 001 | MIU01000000000000012951357 | ||
| 003 | MiU | ||
| 005 | 20231010141535.0 | ||
| 007 | cr mnummmmuuuu | ||
| 008 | 850114s1986 cau sb s001 0 eng d | ||
| 024 | 7 |
_a2027/heb31899 _2hdl |
|
| 040 |
_aNyNyACL _cNyNyACL |
||
| 090 |
_aDF87 _b(INTERNET) |
||
| 100 | 1 |
_aOstwald, Martin, _d1922-2010. _951627 |
|
| 245 | 1 | 0 |
_aFrom popular sovereignty to the sovereignty of law _h[electronic resource] : _blaw, society, and politics in fifth-century Athens / _cMartin Ostwald. |
| 300 |
_axxii, 663 p. ; _c24 cm. |
||
| 504 | _aIncludes bibliography (p. 551-569) and indexes. | ||
| 650 | 0 |
_zGreece _zAthens _xHistory. _951628 |
|
| 650 | 0 |
_zGreece _zAthens _yTo 146 B.C. _951629 |
|
| 650 | 0 |
_zGreece _zAthens. _951630 |
|
| 651 | 0 |
_aAthens (Greece) _xPolitics and government. _951631 |
|
| 830 | 0 |
_aACLS Humanities E-Book. _951632 |
|
| 856 | 4 | 0 |
_zVolltext _uhttps://hdl.handle.net/2027/heb31899 |
| 942 | _cEB | ||
| 500 | _aE-Book-ACLS / Zugriff nur im DHI-Lesesaal | ||
| 653 | _aLaw, Greek. | ||
| 653 | _aLaw | ||
| 653 | _aConstitutional history | ||
| 653 | _aRule of law | ||
| 653 | _aDemocracy. | ||
| 336 |
_2rdacontent _btxt _aText |
||
| 337 |
_2rdamedia _bbc _aComputermedien |
||
| 338 |
_2rdacarrier _bcr _aOnline Ressource |
||
| 264 |
_aBerkeley : _bUniversity of California Press, _cc1986. |
||
| 041 | _aeng | ||
| 500 | _aAmerican Council of Learned Societies/ https://www.humanitiesebook.org/about/ | ||
| 999 |
_c68381 _d68381 |
||